| 000 | 00690cam a22002293a 4500 | ||
|---|---|---|---|
| 001 | 21704 | ||
| 003 | PGUSA | ||
| 005 | 20140828083448.0 | ||
| 008 | 070606s2007||||xxu|||||s|||||000 | eng d | ||
| 040 |
_aPGUSA _beng |
||
| 042 | _adc | ||
| 050 | 4 | _aDT | |
| 100 | 1 |
_aBallantyne, R. M. _q(Robert Michael), _d1825-1894 |
|
| 245 | 1 | 0 |
_aSix Months at the Cape _h[electronic resource] / _cR. M. Ballantyne |
| 260 |
_bProject Gutenberg, _c2007 |
||
| 506 | _aPublic domain in the USA. | ||
| 516 | _aElectronic text | ||
| 653 | _aCape of Good Hope (South Africa) -- Description and travel | ||
| 830 | 0 |
_aProject Gutenberg _v21704 |
|
| 856 | 4 | 0 | _uhttp://www.gutenberg.org/ebooks/21704 |
| 942 | _cEB | ||
| 999 |
_c250959 _d250959 |
||